#3 Soccer World Cup Participant ? - Statistics

General Stats
  • This quiz has been taken 44 times
  • The average score is 6 of 7
Answers on the Grid
Answers color-coded by a green-red scale on the quiz's grid according to % correct below.
Scotland
Bosnia and Herzegovina
Colombia
Switzerland
Saudi Arabia/ KSA
Haiti
Cyprus
Cambodia
Botswana
Belarus
Bahrain
Dominican Republic
Lithuania
Gabon
DR Congo/ Zaire
 
Answer Stats
Answer % Correct
Colombia
90%
Scotland
90%
Bosnia and Herzegovina
86%
Saudi Arabia/ KSA
86%
Switzerland
86%
DR Congo/ Zaire
72%
Haiti
66%
No matching quizzes found
Score Distribution
Percent of People with Each Score
Percentile by Number Answered
Your Score History
You have not taken this quiz